LDR 00795naa#a2200169#i#450# 001 RU\\bibl\121707 005 20260702151537.4 011 ## _a2073-0454 100 ## _a20260226b2026####ek#y0rusy0150####ca 102 ## _aRU 200 1# _aК вопросу о правосубъектности искусственного интеллекта _eЖурнальная статья 210 1# _aМосква _cМосковский университет МВД России имени В.Я. Кикотя _d2026 215 ## _a4 с. 608 ## _aЖурнальная статья _2local 675 ## _aМошенничество. Злоупотребление доверием. Неуплата по счету. 343.721 _z 700 #1 _aТоколов _gАлександр Владимирович 856 4# _amosumvd.editorum.ru _u